[Event "Hamburg-chT Landesliga 2122"]
[Site "Hamburg"]
[Date "2021.12.12"]
[Round "3.2"]
[White "Schellhorn, Wolfgang"]
[Black "Ganser, Robin"]
[Result "1-0"]
[WhiteElo "2116"]
[BlackElo "2187"]
[PlyCount "61"]
[EventDate "2021.10.31"]
[EventType "team-tourn"]
[EventRounds "9"]
[EventCountry "GER"]
[SourceTitle "EXT 2023"]
[Source "ChessBase"]
[SourceDate "2022.10.05"]
[SourceVersion "1"]
[SourceVersionDate "2022.10.05"]
[SourceQuality "1"]
[WhiteTeam "Hamburger SK V"]
[BlackTeam "Hamburger SK VI"]
[WhiteTeamCountry "GER"]
[BlackTeamCountry "GER"]

1. e4 c5 2. Nf3 Nc6 3. d4 cxd4 4. Nxd4 Nf6 5. Nc3 g6 6. Nxc6 bxc6 7. e5 Ng8 8. Bf4 Bg7 9. Bc4 Qa5 10. 0-0 Bxe5 11. Qf3 Bxc3 12. Bc7 Qf5 13. Qxc3 Nf6 14. Rfe1 0-0 15. Re5 Qg4 16. f3 Qf4 17. Rxe7 Qxc7 18. Qxf6 Qb6+ 19. Kh1 d5 20. Bb3 Ba6 21. Rae1 Qf2 22. Bxd5 cxd5 23. Qxa6 Qxc2 24. Qf6 Rab8 25. R7e2 Qd3 26. h3 Rb6 27. Qg5 d4 28. Qf4 Qa6 29. Re8 Qxa2 30. Rxf8+ Kxf8 31. Qh6+ 1-0